000 00505nam a2200181Ia 4500
008 240925s9999 xx 000 0 und d
020 _a8178086484
082 _a621.382 RAP
100 _aRappaport, Theodore S.
245 0 _aWireless Communications: principles and practice
250 _a2nd
260 _aSingapore:
_bPearson education
_c,2002.
300 _axv,588p.
_bNA
_fPhotocopy
500 _aIncludes Index
600 _aTelecommunication Engineering
650 _aTechnology
942 _cBK
999 _c10070
_d10070